• 首页
  • 本馆介绍
  • 公告通知
  • 最新文献
  • 馆藏检索
  • 电子资源
  • 读者导购
  • 参考咨询
  • 我的图书馆
  • 登录
  • 详细信息显示
  • 放入我的书架
  • 预约/预借图书
  • 作者相关作品
  • 分类相关作品
  • 丛书相关作品
  • 出版社相关作品

书目信息

  • 表格格式
  • 工作单格式
  • 卡片格式
题名:
鲁迅胡适文化心理比较
    
 
作者: 王瑞 著
分册:  
出版信息: 北京   社会科学文献出版社  2006
页数: 295页
开本: 22cm
丛书名: 20世纪中国文学学术文库
单 册:
中图分类: K206.6
科图分类:
主题词: 中国--通史
电子资源:
ISBN: 7-80190-888-0
000 01128oam2 2200301 450
001 003082135
005 20061118090937.93
010    @a7-80190-888-0@dCNY25.00
100    @a20060104d2006 em y0chiy0110 ea
101 0  @achi
102    @aCN@b110000
105    @ay z 000yy
200 1  @a鲁迅胡适文化心理比较@9lu xun hu shi wen hua xin li bi jiao@e传统与现代的徘徊@f王瑞著
210    @a北京@c社会科学文献出版社@d2006
215    @a295页@d22cm
225 2  @a20世纪中国文学学术文库
330    @a本书以鲁迅、胡适的文化心理为研究视角,深入探讨二人对于传统文化、域外文化、历史与现实,以及家庭婚恋方面“同中有异,异中有同”的心理状态及其根源,并从一个侧面描述和勾勒出“五四”一代知识分子的面影与心灵。
461  0 @12001 @a20世纪中国文学学术文库
517 1  @a传统与现代的徘徊@9chuan tong yu xian dai de pai huai
600  0 @a鲁迅@f(1881~1936)@x人物研究
600  0 @a胡适@f(1891~1962)@x人物研究
600  0 @a胡适@f(1891~1962)
600  0 @a鲁迅@f(1881~1936)
606 0  @a中国@x通史
690    @aK206.6@v4
701  0 @a王瑞@9wang rui@c(女,@f1977~)@4著
801  0 @aCN@bNLC@c20061118
905    @a10447@dK206.6@e88
    
    鲁迅胡适文化心理比较:传统与现代的徘徊/王瑞著.-北京:社会科学文献出版社,2006
    295页;22cm.-(20世纪中国文学学术文库)
    
    
    ISBN 7-80190-888-0:CNY25.00
    本书以鲁迅、胡适的文化心理为研究视角,深入探讨二人对于传统文化、域外文化、历史与现实,以及家庭婚恋方面“同中有异,异中有同”的心理状态及其根源,并从一个侧面描述和勾勒出“五四”一代知识分子的面影与心灵。
●
相关链接 在E读中查询图书 在五车中查询图书 在当当中查询图书 在豆瓣中查询图书


正题名:鲁迅胡适文化心理比较     索取号:K206.6/88         预约/预借

序号 登录号 条形码 馆藏地/架位号 状态 备注
1 0389538   203895384   第二样本阅览室/ [索取号:K206.6/88] 在馆    
2 0389539   203895393   第二借阅区/ [索取号:K206.6/88] 在馆    
3 0389540   203895400   第二借阅区/ [索取号:K206.6/88] 在馆    
4 0389541   203895419   第二借阅区/ [索取号:K206.6/88] 在馆    
5 0389542   203895428   第二借阅区/ [索取号:K206.6/88] 在馆    
唐山师范学院图书馆 欢迎您!
大连网信软件有限公司© 版权所有